[Event "Club 608 Online 1 - Open B (-1600)"]
[Date "2021.04.10"]
[Round "5.8"]
[White "Piquard, Yaroslav"]
[Black "Wu, Clara"]
[Result "1-0"]
[BlackElo "1403"]
[WhiteElo "1415"]

1. e4 {[%clk 0:50:10.0]} c5 {[%clk 0:50:08.0]} 2. b3 {[%clk 0:50:16.5]} Nc6 {[%clk 0:50:05.4]} 3. Bb5 {[%clk 0:50:22.1]} a6 {[%clk 0:50:05.3]} 4. Bxc6 {[%clk 0:50:27.1]} bxc6 {[%clk 0:50:13.1]} 5. d3 {[%clk 0:50:16.9]} d6 {[%clk 0:50:08.2]} 6. Bb2 {[%clk 0:50:23.5]} Nf6 {[%clk 0:50:15.1]} 7. Nd2 {[%clk 0:49:15.6]} g6 {[%clk 0:50:17.6]} 8. Ngf3 {[%clk 0:49:14.4]} Bg7 {[%clk 0:50:23.2]} 9. Rb1 {[%clk 0:49:00.7]} 0-0 {[%clk 0:50:21.4]} 10. 0-0 {[%clk 0:48:13.2]} h6 {[%clk 0:49:47.0]} 11. Re1 {[%clk 0:47:31.7]} d5 {[%clk 0:47:28.5]} 12. e5 {[%clk 0:46:21.1]} Nd7 {[%clk 0:47:27.2]} 13. e6 {[%clk 0:46:09.8]} fxe6 {[%clk 0:46:54.6]} 14. Bxg7 {[%clk 0:45:51.3]} Kxg7 {[%clk 0:46:56.8]} 15. Rxe6 {[%clk 0:45:46.7]} Qc7 {[%clk 0:46:49.1]} 16. Rxe7+ {[%clk 0:45:34.6]} Kg8 {[%clk 0:46:47.7]} 17. Qe2 {[%clk 0:45:14.9]} Qd8 {[%clk 0:46:25.1]} 18. Qe6+ {[%clk 0:45:06.0]} Kh8 {[%clk 0:46:03.7]} 19. Nh4 {[%clk 0:44:55.3]} Rg8 {[%clk 0:45:54.1]} 20. Qf7 {[%clk 0:44:25.2]} Nf8 {[%clk 0:45:31.5]} 21. Qf6+ {[%clk 0:44:21.0]} {Black Resigned} 1-0

[Event "Club 608 Online 1 - Open C (-1200)"]
[Date "2021.04.10"]
[Round "5.9"]
[White "Migus, Benjamin"]
[Black "Liu, Louis"]
[Result "1-0"]
[BlackElo "1009"]
[WhiteElo "1009"]

1. e4 {[%clk 0:50:10.0]} e5 {[%clk 0:50:05.9]} 2. Nf3 {[%clk 0:50:11.8]} Nc6 {[%clk 0:50:13.0]} 3. Nc3 {[%clk 0:50:16.7]} Nf6 {[%clk 0:50:13.8]} 4. Bc4 {[%clk 0:50:09.2]} Bc5 {[%clk 0:50:18.0]} 5. Ng5 {[%clk 0:50:11.9]} 0-0 {[%clk 0:50:22.8]} 6. 0-0 {[%clk 0:49:13.9]} d6 {[%clk 0:49:51.1]} 7. Re1 {[%clk 0:48:39.6]} Ng4 {[%clk 0:48:22.5]} 8. d3 {[%clk 0:48:19.3]} Bxf2+ {[%clk 0:48:05.2]} 9. Kh1 {[%clk 0:48:15.2]} Bxe1 {[%clk 0:48:10.8]} 10. Qxe1 {[%clk 0:48:14.6]} Nd4 {[%clk 0:48:06.0]} 11. Qd2 {[%clk 0:47:36.0]} Ne3 {[%clk 0:47:53.0]} 12. Qf2 {[%clk 0:46:15.0]} Nexc2 {[%clk 0:46:56.3]} 13. Nxf7 {[%clk 0:45:42.3]} Qe7 {[%clk 0:45:13.5]} 14. Nd5 {[%clk 0:44:47.3]} Ne6 {[%clk 0:39:24.1]} 15. Nxe7# {[%clk 0:44:48.3]} 1-0

[Event "Club 608 Online 1 - Open B (-1600)"]
[Date "2021.04.10"]
[Round "5.9"]
[White "Butnaru, Dana"]
[Black "Bonnet, Lucas"]
[Result "0-1"]
[BlackElo "1199"]
[WhiteCountry "FRA"]
[WhiteElo "1373"]
[WhiteFideId "45136122"]

{Clock started by White.} 1. e4 {[%clk 0:50:06.7]} e5 {[%clk 0:49:53.4]} 2. Nf3 {[%clk 0:50:11.2]} Nc6 {[%clk 0:48:39.1]} 3. Bc4 {[%clk 0:50:13.9]} Nf6 {[%clk 0:47:29.5]} 4. d3 {[%clk 0:50:05.1]} d5 {[%clk 0:47:23.7]} 5. exd5 {[%clk 0:49:51.8]} Nxd5 {[%clk 0:47:31.8]} 6. Nc3 {[%clk 0:48:54.2]} Be6 {[%clk 0:46:43.1]} 7. Nxd5 {[%clk 0:47:29.0]} Bxd5 {[%clk 0:46:49.0]} 8. Bb3 {[%clk 0:46:55.2]} Bc5 {[%clk 0:45:41.9]} 9. 0-0 {[%clk 0:46:47.4]} Qd7 {[%clk 0:44:21.6]} 10. Re1 {[%clk 0:45:43.0]} f6 {[%clk 0:44:07.4]} 11. Be3 {[%clk 0:42:46.2]} Bxe3 {[%clk 0:41:24.6]} 12. Rxe3 {[%clk 0:42:48.0]} 0-0-0 {[%clk 0:41:19.8]} 13. Qd2 {[%clk 0:38:58.0]} Bxf3 {[%clk 0:39:11.9]} 14. Rxf3 {[%clk 0:38:55.3]} Nd4 {[%clk 0:39:11.8]} 15. Re3 {[%clk 0:37:14.4]} h5 {[%clk 0:36:37.8]} 16. Qa5 {[%clk 0:33:09.4]} Kb8 {[%clk 0:36:15.0]} 17. Re4 {[%clk 0:29:49.4]} f5 {[%clk 0:35:07.2]} 18. Ree1 {[%clk 0:26:27.4]} Nc6 {[%clk 0:30:26.3]} 19. Qc3 {[%clk 0:26:18.8]} f4 {[%clk 0:28:09.0]} 20. f3 {[%clk 0:24:53.4]} g5 {[%clk 0:26:28.6]} 21. Ba4 {[%clk 0:24:49.8]} Qd4+ {[%clk 0:22:26.4]} 22. Qxd4 {[%clk 0:24:27.9]} exd4 {[%clk 0:22:27.7]} 23. Re6 {[%clk 0:23:09.3]} Nb4 {[%clk 0:21:25.1]} 24. a3 {[%clk 0:22:30.2]} Nd5 {[%clk 0:21:27.7]} 25. Bb3 {[%clk 0:22:15.3]} Ne3 {[%clk 0:21:28.8]} 26. Rg6 {[%clk 0:21:13.7]} g4 {[%clk 0:21:19.5]} 27. fxg4 {[%clk 0:21:13.3]} hxg4 {[%clk 0:21:27.1]} 28. Rc1 {[%clk 0:19:06.1]} c5 {[%clk 0:20:39.9] White offered a draw.} 29. Be6 {[%clk 0:13:56.6]} Rd6 {[%clk 0:19:58.4]} 30. Bf7 {[%clk 0:13:24.2]} Kc7 {[%clk 0:19:11.6]} 31. Rxd6 {[%clk 0:13:15.3]} Kxd6 {[%clk 0:19:18.6]} 32. c3 {[%clk 0:12:47.2]} g3 {[%clk 0:18:59.0]} 33. hxg3 {[%clk 0:12:03.7]} fxg3 {[%clk 0:19:04.7]} 34. cxd4 {[%clk 0:11:53.6]} cxd4 {[%clk 0:19:03.5]} 35. Bg6 {[%clk 0:10:12.2]} Rf8 {[%clk 0:16:12.9]} 36. Be4 {[%clk 0:09:38.0]} Rf2 {[%clk 0:14:50.7]} 37. Bxb7 {[%clk 0:07:43.9]} Rxb2 {[%clk 0:14:55.6]} 38. Bf3 {[%clk 0:07:29.5]} Ra2 {[%clk 0:14:10.4]} {White Resigned} 0-1

[Event "Club 608 Online 1 - Open C (-1200)"]
[Date "2021.04.10"]
[Round "5.10"]
[White "Béranger, Louise"]
[Black "Tran Hong Dat, Phan"]
[Result "1-0"]
[BlackElo "1009"]
[WhiteElo "1009"]

1. e4 {[%clk 0:50:10.0]} e5 {[%clk 0:50:07.5]} 2. Nf3 {[%clk 0:50:16.2]} Nc6 {[%clk 0:50:13.2]} 3. Nc3 {[%clk 0:50:21.1]} Nf6 {[%clk 0:50:15.2]} 4. Bb5 {[%clk 0:50:00.1]} Bb4 {[%clk 0:50:14.0]} 5. 0-0 {[%clk 0:48:56.8]} 0-0 {[%clk 0:50:18.7]} 6. a3 {[%clk 0:47:47.1]} Bc5 {[%clk 0:50:20.4]} 7. Qe2 {[%clk 0:47:37.0]} a6 {[%clk 0:50:22.0]} 8. Bxc6 {[%clk 0:47:30.0]} dxc6 {[%clk 0:50:17.1]} 9. Nxe5 {[%clk 0:46:57.3]} Bd4 {[%clk 0:50:02.3]} 10. Qh5 {[%clk 0:45:53.2]} g6 {[%clk 0:49:57.3]} 11. Qg5 {[%clk 0:46:00.6]} Bxc3 {[%clk 0:49:57.5]} 12. dxc3 {[%clk 0:45:59.1]} Nxe4 {[%clk 0:49:31.7]} 13. Qh6 {[%clk 0:45:36.3]} Qe7 {[%clk 0:49:20.9]} 14. c4 {[%clk 0:43:57.4]} Qxe5 {[%clk 0:49:20.4]} 15. Rb1 {[%clk 0:43:42.4]} Nf6 {[%clk 0:48:47.3]} 16. Bf4 {[%clk 0:43:10.4]} Qe7 {[%clk 0:48:32.9]} 17. Rbe1 {[%clk 0:42:55.3]} Qd7 {[%clk 0:48:24.9]} 18. Be5 {[%clk 0:42:28.9]} Re8 {[%clk 0:47:54.2]} 19. Bxf6 {[%clk 0:42:33.1]} Qf5 {[%clk 0:47:36.3]} 20. Qg7# {[%clk 0:42:39.6]} 1-0

[Event "Club 608 Online 1 - Open B (-1600)"]
[Date "2021.04.10"]
[Round "5.11"]
[White "Choteau, Gurvann"]
[Black "Rodionov, Vadim"]
[Result "1/2-1/2"]
[BlackCountry "FRA"]
[BlackElo "1254"]
[BlackFideId "45195943"]
[WhiteElo "1135"]

{Clock started by Black.} 1. e4 {[%clk 0:50:05.9]} e6 {[%clk 0:50:07.2]} 2. d4 {[%clk 0:50:13.5]} d5 {[%clk 0:50:15.9]} 3. Nd2 {[%clk 0:50:18.6]} Bd7 {[%clk 0:49:23.2]} 4. Bd3 {[%clk 0:49:31.7]} Nc6 {[%clk 0:49:25.2]} 5. c3 {[%clk 0:49:25.5]} dxe4 {[%clk 0:49:05.1]} 6. Nxe4 {[%clk 0:49:17.8]} f5 {[%clk 0:49:01.8]} 7. Ng3 {[%clk 0:48:02.2]} Nf6 {[%clk 0:49:07.4]} 8. Nf3 {[%clk 0:47:34.1]} Bd6 {[%clk 0:49:11.5]} 9. Qe2 {[%clk 0:47:10.4]} 0-0 {[%clk 0:49:13.2]} 10. 0-0 {[%clk 0:46:44.3]} Ne7 {[%clk 0:49:15.0]} 11. Bg5 {[%clk 0:46:18.8]} h6 {[%clk 0:48:59.4]} 12. Bd2 {[%clk 0:44:58.3]} Qe8 {[%clk 0:48:14.6]} 13. Bc4 {[%clk 0:43:55.0]} Ned5 {[%clk 0:47:43.4]} 14. Bb3 {[%clk 0:42:47.8]} a5 {[%clk 0:47:04.2]} 15. c4 {[%clk 0:42:01.5]} Nf4 {[%clk 0:47:06.7]} 16. Bxf4 {[%clk 0:41:38.4]} Bxf4 {[%clk 0:47:13.1]} 17. Rfe1 {[%clk 0:40:49.9]} a4 {[%clk 0:47:13.1]} 18. Bc2 {[%clk 0:40:38.6]} Rf7 {[%clk 0:47:08.7]} 19. b3 {[%clk 0:39:39.7]} Re7 {[%clk 0:47:15.5]} 20. Rab1 {[%clk 0:38:05.8]} Kf7 {[%clk 0:47:07.0]} 21. Ne5+ {[%clk 0:37:09.5]} Kf8 {[%clk 0:47:04.7]} 22. Qd3 {[%clk 0:35:06.9]} Bxe5 {[%clk 0:46:57.5]} 23. dxe5 {[%clk 0:34:59.1]} Ng8 {[%clk 0:46:58.8]} 24. Bd1 {[%clk 0:33:51.2]} axb3 {[%clk 0:46:51.0]} 25. axb3 {[%clk 0:33:18.4]} Bc6 {[%clk 0:46:47.5]} 26. Bh5 {[%clk 0:32:49.6]} g6 {[%clk 0:46:35.7]} 27. Bf3 {[%clk 0:32:43.6]} Bxf3 {[%clk 0:46:11.2]} 28. Qxf3 {[%clk 0:32:41.0]} c6 {[%clk 0:46:09.4]} 29. Ra1 {[%clk 0:32:25.7]} Rd7 {[%clk 0:46:12.3]} 30. Rxa8 {[%clk 0:31:37.5]} Qxa8 {[%clk 0:46:14.0]} 31. Rd1 {[%clk 0:31:28.2]} Rxd1+ {[%clk 0:46:00.8]} 32. Qxd1 {[%clk 0:31:26.5]} Qb8 {[%clk 0:46:08.5]} 33. Qd6+ {[%clk 0:30:31.9]} Qxd6 {[%clk 0:46:12.9]} 34. exd6 {[%clk 0:30:38.6]} Ke8 {[%clk 0:46:21.6]} 35. c5 {[%clk 0:30:37.7]} Kd7 {[%clk 0:46:28.5]} 36. Kf1 {[%clk 0:30:38.2]} b6 {[%clk 0:46:17.9]} 37. b4 {[%clk 0:30:28.8]} Nf6 {[%clk 0:46:11.3]} 38. Ke2 {[%clk 0:28:12.7]} Nd5 {[%clk 0:46:16.1]} 39. Kd3 {[%clk 0:27:37.1]} Nxb4+ {[%clk 0:46:16.0]} 40. Kc4 {[%clk 0:27:32.3]} Nd5 {[%clk 0:46:20.8]} 41. Ne2 {[%clk 0:27:04.9]} bxc5 {[%clk 0:46:10.9]} 42. Kxc5 {[%clk 0:27:07.7]} Nf6 {[%clk 0:46:18.4]} 43. f3 {[%clk 0:26:32.4]} Ne8 {[%clk 0:46:17.5]} 44. Nd4 {[%clk 0:26:25.8]} Nxd6 {[%clk 0:46:04.2]} 45. Nxc6 {[%clk 0:26:21.0]} g5 {[%clk 0:45:18.6]} 46. Ne5+ {[%clk 0:26:01.8]} Kc7 {[%clk 0:45:09.9]} 47. g3 {[%clk 0:25:32.0]} h5 {[%clk 0:44:55.1]} 48. h3 {[%clk 0:25:07.0]} Ne8 {[%clk 0:43:43.8]} 49. Nf7 {[%clk 0:24:37.8]} g4 {[%clk 0:43:41.8]} 50. hxg4 {[%clk 0:24:10.3]} f4 {[%clk 0:43:24.0]} 51. gxf4 {[%clk 0:24:02.0]} h4 {[%clk 0:43:27.0]} 52. Ng5 {[%clk 0:24:05.6]} Ng7 {[%clk 0:43:06.8]} 53. Kd4 {[%clk 0:22:48.6]} Kd7 {[%clk 0:43:00.5]} 54. Ke5 {[%clk 0:22:44.4]} Ke7 {[%clk 0:43:09.0]} 55. f5 {[%clk 0:22:34.9]} exf5 {[%clk 0:42:06.9]} 56. gxf5 {[%clk 0:22:25.3]} Nh5 {[%clk 0:42:00.2]} 57. Nh3 {[%clk 0:21:46.0]} Ng3 {[%clk 0:40:56.8]} 58. Kf4 {[%clk 0:21:41.2]} Kf6 {[%clk 0:40:38.4] Black offered a draw.} 59. Kg4 {[%clk 0:20:59.1]} Ne2 {[%clk 0:40:38.6]} 60. Kxh4 {[%clk 0:20:53.4]} Nd4 {[%clk 0:40:46.5]} 61. Kg4 {[%clk 0:20:53.6]} Nxf3 {[%clk 0:40:51.0]} 62. Kxf3 {[%clk 0:20:54.2]} Kxf5 {[%clk 0:40:58.5]} {Draw by Insufficient Material} 1/2-1/2

[Event "Club 608 Online 1 - Open C (-1200)"]
[Date "2021.04.10"]
[Round "5.11"]
[White "Annie, Vallee"]
[Black "Jean Pierre, Durand"]
[Result "0-1"]
[BlackElo "1032"]
[WhiteElo "1033"]

1. Nf3 {[%clk 0:50:10.0]} d5 {[%clk 0:49:50.8]} 2. g3 {[%clk 0:50:11.6]} Bg4 {[%clk 0:49:52.5]} 3. Bg2 {[%clk 0:50:17.1]} Nc6 {[%clk 0:49:57.7]} 4. c3 {[%clk 0:50:06.5]} e5 {[%clk 0:49:54.2]} 5. d3 {[%clk 0:50:11.3]} Nf6 {[%clk 0:49:46.3]} 6. Nbd2 {[%clk 0:50:11.6]} Bc5 {[%clk 0:49:29.4]} 7. e3 {[%clk 0:50:16.6]} e4 {[%clk 0:49:28.3]} 8. dxe4 {[%clk 0:50:20.5]} dxe4 {[%clk 0:49:33.2]} 9. b4 {[%clk 0:50:12.9]} exf3 {[%clk 0:49:18.2]} 10. Nxf3 {[%clk 0:50:18.5]} Qxd1+ {[%clk 0:49:01.1]} 11. Kxd1 {[%clk 0:50:17.9]} Be7 {[%clk 0:49:03.8]} 12. h3 {[%clk 0:49:54.4]} Rd8+ {[%clk 0:48:58.1]} 13. Kc2 {[%clk 0:50:00.9]} Bf5+ {[%clk 0:48:55.8]} 14. Kb2 {[%clk 0:50:08.2]} 0-0 {[%clk 0:48:49.9]} 15. g4 {[%clk 0:50:01.7]} b5 {[%clk 0:48:48.1]} 16. gxf5 {[%clk 0:50:08.3]} Nd5 {[%clk 0:48:24.2]} 17. Bd2 {[%clk 0:49:56.9]} f6 {[%clk 0:47:52.2]} 18. Kb1 {[%clk 0:49:43.5]} Ne5 {[%clk 0:47:47.8]} 19. Nd4 {[%clk 0:49:36.7]} Nc4 {[%clk 0:47:38.6]} 20. Bc1 {[%clk 0:49:32.3]} c5 {[%clk 0:47:13.9]} 21. Ne6 {[%clk 0:49:38.4]} cxb4 {[%clk 0:46:57.3]} 22. Nxd8 {[%clk 0:49:40.1]} Rxd8 {[%clk 0:46:54.5]} 23. Rd1 {[%clk 0:49:24.7]} Nxc3+ {[%clk 0:46:55.8]} 24. Kc2 {[%clk 0:49:29.7]} Rxd1 {[%clk 0:46:48.6]} 25. Bd5+ {[%clk 0:49:36.1]} Kf8 {[%clk 0:46:50.5]} 26. Bf3 {[%clk 0:49:11.2]} Rf1 {[%clk 0:46:46.7]} 27. Kb3 {[%clk 0:49:04.1]} Nd2+ {[%clk 0:46:37.4]} 28. Kc2 {[%clk 0:48:50.8]} Nxf3 {[%clk 0:46:41.7]} 29. Kb3 {[%clk 0:48:39.0]} Rxf2 {[%clk 0:46:41.3]} 30. Bb2 {[%clk 0:48:15.4]} Nd2+ {[%clk 0:46:13.2]} 31. Kc2 {[%clk 0:48:14.3]} Nde4+ {[%clk 0:46:06.1]} 32. Kb3 {[%clk 0:48:18.6]} a5 {[%clk 0:46:00.7]} 33. a4 {[%clk 0:48:23.3]} bxa4+ {[%clk 0:45:47.1]} 34. Kc4 {[%clk 0:48:28.4]} a3 {[%clk 0:45:49.0]} 35. Bc1 {[%clk 0:48:29.8]} Nd6+ {[%clk 0:45:43.0]} 36. Kb3 {[%clk 0:48:25.7]} Nxf5 {[%clk 0:45:47.8]} 37. e4 {[%clk 0:48:30.9]} Nd4+ {[%clk 0:45:51.7]} 38. Kc4 {[%clk 0:48:33.7]} Ne6 {[%clk 0:45:44.3]} 39. Be3 {[%clk 0:48:26.1]} Re2 {[%clk 0:45:44.6]} 40. Bb6 {[%clk 0:48:27.4]} Rxe4+ {[%clk 0:45:47.0]} 41. Kd3 {[%clk 0:48:32.3]} f5 {[%clk 0:45:33.3]} 42. Bxa5 {[%clk 0:48:39.1]} Nc5+ {[%clk 0:45:31.5]} 43. Kc2 {[%clk 0:48:39.2]} Rc4 {[%clk 0:45:18.7]} 44. Rf1 {[%clk 0:48:34.6]} g6 {[%clk 0:45:23.7]} 45. Rf3 {[%clk 0:48:33.3]} Nd5+ {[%clk 0:45:16.6]} 46. Kd2 {[%clk 0:48:04.1]} a2 {[%clk 0:45:17.7]} 47. Rf1 {[%clk 0:48:04.3]} b3 {[%clk 0:45:14.7]} 48. Ra1 {[%clk 0:47:51.6]} Rh4 {[%clk 0:44:38.0]} 49. Kc1 {[%clk 0:47:49.6]} Rxh3 {[%clk 0:44:40.2]} 50. Kb2 {[%clk 0:47:55.7]} Rh2+ {[%clk 0:44:39.9]} 51. Ka3 {[%clk 0:47:59.1]} Nb7+ {[%clk 0:44:22.2]} 52. Kxb3 {[%clk 0:47:59.8]} Nxa5+ {[%clk 0:44:26.6]} 53. Ka4 {[%clk 0:47:48.7]} Bd8 {[%clk 0:44:20.7]} 54. Kb5 {[%clk 0:47:42.9]} Nc3+ {[%clk 0:44:17.1]} 55. Kc5 {[%clk 0:47:47.8]} Nb3+ {[%clk 0:44:21.5]} 56. Kc4 {[%clk 0:47:48.8]} Nxa1 {[%clk 0:44:25.5]} 57. Kxc3 {[%clk 0:47:55.7]} Ke7 {[%clk 0:44:25.2]} {White Resigned} 0-1

[Event "Club 608 Online 1 - Open C (-1200)"]
[Date "2021.04.10"]
[Round "5.12"]
[White "Coffin, Mathis"]
[Black "Pinçon, Lili"]
[Result "1-0"]
[BlackElo "1009"]
[WhiteElo "1009"]

{Clock started by Black.} 1. d4 {[%clk 0:49:51.4]} Nf6 {[%clk 0:50:04.7]} 2. Nc3 {[%clk 0:49:49.5]} Nc6 {[%clk 0:50:11.4]} 3. Nf3 {[%clk 0:49:51.0]} d5 {[%clk 0:50:19.3]} 4. Bf4 {[%clk 0:49:51.5]} Bg4 {[%clk 0:50:24.9]} 5. Nb5 {[%clk 0:49:52.0]} Qd7 {[%clk 0:50:29.2]} 6. Nxc7+ {[%clk 0:49:57.4]} Qxc7 {[%clk 0:50:27.5]} 7. Bxc7 {[%clk 0:50:00.4]} e6 {[%clk 0:50:27.6]} 8. Ng5 {[%clk 0:50:02.0]} Be7 {[%clk 0:50:35.6]} 9. e3 {[%clk 0:49:59.6]} 0-0 {[%clk 0:50:16.5]} 10. Bb5 {[%clk 0:50:04.0]} Bb4+ {[%clk 0:49:21.5]} 11. c3 {[%clk 0:50:05.8]} Bxd1 {[%clk 0:49:27.3]} 12. Kxd1 {[%clk 0:49:59.4]} Ba5 {[%clk 0:49:30.2]} 13. Bxc6 {[%clk 0:50:01.1]} Bxc7 {[%clk 0:49:36.0]} 14. Bxb7 {[%clk 0:50:07.2]} Rab8 {[%clk 0:49:42.3]} 15. Ba6 {[%clk 0:50:12.2]} Rb6 {[%clk 0:49:49.1]} 16. Bd3 {[%clk 0:49:50.2]} e5 {[%clk 0:49:49.4]} 17. dxe5 {[%clk 0:49:53.9]} Bxe5 {[%clk 0:49:56.4]} 18. f4 {[%clk 0:49:57.8]} Bxf4 {[%clk 0:50:00.8]} 19. exf4 {[%clk 0:50:01.6]} Nd7 {[%clk 0:49:52.8]} 20. Nxh7 {[%clk 0:49:56.6]} Re8 {[%clk 0:49:52.5]} 21. Re1 {[%clk 0:49:44.0]} Rxe1+ {[%clk 0:49:51.6]} 22. Kxe1 {[%clk 0:49:47.3]} Re6+ {[%clk 0:49:57.8]} 23. Kd1 {[%clk 0:49:49.8]} Re1+ {[%clk 0:50:04.9]} 24. Kxe1 {[%clk 0:49:55.2]} Nf6 {[%clk 0:50:02.6]} 25. Nxf6+ {[%clk 0:49:59.3]} gxf6 {[%clk 0:50:09.3]} 26. Rd1 {[%clk 0:50:06.7]} a5 {[%clk 0:50:12.4]} 27. Bb5 {[%clk 0:50:12.9]} a4 {[%clk 0:50:18.9]} 28. Bxa4 {[%clk 0:50:19.0]} f5 {[%clk 0:50:25.3]} 29. Rxd5 {[%clk 0:50:23.2]} Kg7 {[%clk 0:50:32.1]} 30. Rxf5 {[%clk 0:50:29.7]} Kg6 {[%clk 0:50:40.0]} 31. Rg5+ {[%clk 0:50:31.1]} Kh6 {[%clk 0:50:46.0]} 32. Rg8 {[%clk 0:50:34.4]} Kh7 {[%clk 0:50:51.6]} 33. Rg4 {[%clk 0:50:40.8]} Kh8 {[%clk 0:50:57.0]} 34. Bb3 {[%clk 0:50:39.1]} Kh7 {[%clk 0:51:01.9]} 35. h4 {[%clk 0:50:35.3]} Kh6 {[%clk 0:51:09.8]} 36. Bxf7 {[%clk 0:50:30.9]} Kh7 {[%clk 0:50:53.6]} 37. Rg8 {[%clk 0:50:35.2]} Kh6 {[%clk 0:50:54.3]} 38. b4 {[%clk 0:50:41.0]} Kh7 {[%clk 0:50:59.8]} 39. b5 {[%clk 0:50:47.8]} Kh6 {[%clk 0:51:04.2]} 40. b6 {[%clk 0:50:44.2]} Kh7 {[%clk 0:51:11.0]} 41. b7 {[%clk 0:50:49.8]} Kh6 {[%clk 0:51:16.7]} 42. b8=Q {[%clk 0:50:53.4]} Kh7 {[%clk 0:51:21.6]} 43. Qb1+ {[%clk 0:50:53.5]} Kh6 {[%clk 0:51:19.7]} 44. Qg6# {[%clk 0:50:57.9]} 1-0

[Event "Club 608 Online 1 - Open B (-1600)"]
[Date "2021.04.10"]
[Round "5.13"]
[White "Yu, Etan"]
[Black "Tu, Léonie"]
[Result "0-1"]
[BlackElo "1217"]
[WhiteElo "1009"]

1. e4 {[%clk 0:50:10.0]} e5 {[%clk 0:50:05.2]} 2. Nf3 {[%clk 0:50:17.3]} Nc6 {[%clk 0:50:11.9]} 3. Bb5 {[%clk 0:50:25.3]} a6 {[%clk 0:50:14.1]} 4. Bxc6 {[%clk 0:50:33.3]} dxc6 {[%clk 0:50:12.8]} 5. d3 {[%clk 0:50:41.5]} Bd6 {[%clk 0:49:20.4]} 6. Nc3 {[%clk 0:50:14.6]} Nf6 {[%clk 0:49:01.9]} 7. Bg5 {[%clk 0:49:39.3]} h6 {[%clk 0:47:54.9]} 8. Bh4 {[%clk 0:49:10.9]} Qe7 {[%clk 0:46:18.3]} 9. Nd2 {[%clk 0:48:51.0]} Be6 {[%clk 0:45:00.0]} 10. Nb3 {[%clk 0:48:49.0]} 0-0-0 {[%clk 0:43:59.9]} 11. Qd2 {[%clk 0:44:24.7]} g5 {[%clk 0:42:42.1]} 12. Bg3 {[%clk 0:44:15.4]} Nh5 {[%clk 0:36:21.1]} 13. 0-0-0 {[%clk 0:42:57.0]} Nxg3 {[%clk 0:35:46.8]} 14. hxg3 {[%clk 0:41:26.6]} Qd7 {[%clk 0:33:30.2]} 15. Qe3 {[%clk 0:39:14.5]} b6 {[%clk 0:31:49.9]} 16. Rh2 {[%clk 0:38:51.4]} Be7 {[%clk 0:30:50.3]} 17. Rdh1 {[%clk 0:36:14.8]} Rdg8 {[%clk 0:26:59.7]} 18. Rxh6 {[%clk 0:36:14.0]} Rxh6 {[%clk 0:26:59.7]} 19. Rxh6 {[%clk 0:36:18.7]} g4 {[%clk 0:26:57.6]} 20. d4 {[%clk 0:36:08.5]} Bg5 {[%clk 0:26:30.7]} 21. Qxg5 {[%clk 0:35:59.3]} Rxg5 {[%clk 0:26:34.8]} 22. Rh8+ {[%clk 0:35:42.8]} Kb7 {[%clk 0:26:35.2]} 23. dxe5 {[%clk 0:35:46.5]} Bxb3 {[%clk 0:26:23.4]} 24. axb3 {[%clk 0:35:47.8]} Rxe5 {[%clk 0:26:29.6]} 25. f4 {[%clk 0:35:53.2]} Ra5 {[%clk 0:26:13.8]} 26. Kb1 {[%clk 0:35:45.3]} Qd4 {[%clk 0:25:54.8]} 27. Rh1 {[%clk 0:35:44.4]} b5 {[%clk 0:25:01.6]} 28. Rd1 {[%clk 0:35:44.2]} Qf2 {[%clk 0:24:42.6]} 29. f5 {[%clk 0:35:25.5]} b4 {[%clk 0:24:32.2]} 30. Na4 {[%clk 0:35:21.6]} Re5 {[%clk 0:24:12.6]} 31. f6 {[%clk 0:35:05.0]} Rxe4 {[%clk 0:24:10.2]} 32. Rc1 {[%clk 0:34:48.8]} Re1 {[%clk 0:24:07.5]} 33. Rxe1 {[%clk 0:34:51.4]} Qxe1+ {[%clk 0:24:14.7]} 34. Ka2 {[%clk 0:34:57.2]} Qe5 {[%clk 0:24:14.3]} 35. c3 {[%clk 0:35:03.5]} bxc3 {[%clk 0:24:15.2]} 36. Nxc3 {[%clk 0:35:10.0]} Qxf6 {[%clk 0:23:58.5]} 37. Ne4 {[%clk 0:35:01.5]} Qe5 {[%clk 0:23:56.8]} 38. Nd2 {[%clk 0:35:02.9]} Qa5+ {[%clk 0:23:59.5]} 39. Kb1 {[%clk 0:35:08.5]} Qxd2 {[%clk 0:24:06.8]} 40. Ka2 {[%clk 0:35:15.6]} Kb6 {[%clk 0:24:15.1]} 41. b4 {[%clk 0:35:18.9]} Kb5 {[%clk 0:24:19.6]} 42. Ka3 {[%clk 0:35:21.5]} Qxb4+ {[%clk 0:24:26.1]} 43. Ka2 {[%clk 0:35:23.6]} Qa4+ {[%clk 0:24:31.4]} 44. Kb1 {[%clk 0:35:30.3]} Qd1+ {[%clk 0:24:29.6]} 45. Ka2 {[%clk 0:35:38.2]} Kb4 {[%clk 0:24:33.0]} 46. b3 {[%clk 0:35:45.1]} Qxb3+ {[%clk 0:24:41.0]} 47. Ka1 {[%clk 0:35:52.2]} Qe3 {[%clk 0:24:42.5]} 48. Kb1 {[%clk 0:35:57.2]} Kb3 {[%clk 0:24:49.6]} 49. Ka1 {[%clk 0:36:04.9]} Qc1# {[%clk 0:24:57.9]} 0-1

[Event "Club 608 Online 1 - Open C (-1200)"]
[Date "2021.04.10"]
[Round "5.13"]
[White "Decaure--Gonzalez, Rodrigue"]
[Black "Lecat Tabet, Nathan"]
[Result "1-0"]
[BlackElo "1009"]
[WhiteElo "1009"]

{Black stopped clock for 37 seconds.} 1. e4 {[%clk 0:50:10.0]} e5 {[%clk 0:50:06.7]} 2. Nf3 {[%clk 0:50:16.0]} Nf6 {[%clk 0:50:14.3]} 3. Nxe5 {[%clk 0:50:21.3]} Nxe4 {[%clk 0:50:21.6]} 4. Qe2 {[%clk 0:50:27.8]} Bb4 {[%clk 0:50:24.4]} 5. Qxe4 {[%clk 0:50:31.8]} Bc5 {[%clk 0:50:24.6]} 6. Nc6+ {[%clk 0:50:36.9]} Kf8 {[%clk 0:50:27.8]} 7. Nxd8 {[%clk 0:50:39.9]} g5 {[%clk 0:50:27.1]} 8. Nxb7 {[%clk 0:50:36.2]} f6 {[%clk 0:50:24.8]} 9. Nxc5 {[%clk 0:50:39.5]} a5 {[%clk 0:50:27.3]} 10. Qxa8 {[%clk 0:50:45.5]} d6 {[%clk 0:50:27.7]} 11. Ne6+ {[%clk 0:50:38.7]} Bxe6 {[%clk 0:50:34.0]} 12. Qxb8+ {[%clk 0:50:45.4]} Kg7 {[%clk 0:50:39.1]} 13. Qxc7+ {[%clk 0:50:52.1]} Kg8 {[%clk 0:50:38.9]} 14. Qd8+ {[%clk 0:50:53.0]} Kg7 {[%clk 0:50:46.2]} 15. Qxd6 {[%clk 0:50:59.2]} Bg4 {[%clk 0:50:39.4]} 16. Qe7+ {[%clk 0:50:57.0]} Kg6 {[%clk 0:50:39.7]} 17. Bd3+ {[%clk 0:51:02.7]} Kh5 {[%clk 0:50:44.0]} 18. Qxf6 {[%clk 0:51:08.1]} Re8+ {[%clk 0:50:45.8]} 19. Kf1 {[%clk 0:50:59.0]} Bf5 {[%clk 0:50:44.2]} 20. Bxf5 {[%clk 0:51:02.6]} g4 {[%clk 0:50:47.3]} 21. Qf7+ {[%clk 0:51:05.7]} Kg5 {[%clk 0:50:44.6]} 22. d4+ {[%clk 0:51:05.9]} Kh4 {[%clk 0:50:30.6]} 23. Qf6+ {[%clk 0:51:02.3]} Kh5 {[%clk 0:50:24.9]} 24. Qg5# {[%clk 0:51:07.9]} 1-0